Kolektívne vyjednávanie ako nástroj personálnej politiky v konkrétnom podniku diplomová práca

Enregistré dans:
Détails bibliographiques
Auteur principal: Dvořáková, Zuzana
Collectivité auteur: Fakulta podnikového manažmentu EU. Katedra manažmentu
Autres auteurs: Nachtmannová, Oľga, 1963-
Format: Livre
Langue:slovaque
Publié: Bratislava 2025
Tags: Ajouter un tag
Pas de tags, Soyez le premier à ajouter un tag!

MARC

LEADER 00000nbm a2200000 4500
001 0309890
005 20260324105022.8
041 0 |a slo 
044 |a SK 
245 1 0 |a Kolektívne vyjednávanie ako nástroj personálnej politiky v konkrétnom podniku  |b diplomová práca  |c Zuzana Dvořáková ; školiteľ: Oľga Nachtmannová 
264 1 |a Bratislava  |c 2025 
300 |a 71 s. 
100 1 |a Dvořáková, Zuzana 
700 1 |a Nachtmannová, Oľga, 1963- 
710 2 |a Fakulta podnikového manažmentu EU. Katedra manažmentu